Фразеосемантичне поле "Працьовитість/неробство" в польській мові (Запис № 397966)

МАРК-запис
000 -Лідер
fixed length control field 01289nam a22002537a 4500
003 - Ідентифікатор контрольного номера
control field UA-OsUOA
001 - Контрольний номер
control field 111730
007 - Фіксоване поле фізичного опису
fixed length control field ta
008 - Елементи даних фіксованої довжини – загальна інформація
fixed length control field 20150603b un ||||| |||| 00| 0 ukr d
090 ## - Локальний шифр розміщення
Класифікаційний індекс УДК 811.162.1'373.7
Авторський знак (НП) М64
040 ## - Джерело каталогізації
Агенція оригінальної каталогізації UA-OsUOA
Мова каталогізації ukr
Агенція, яка здійснювала перезапис UA-OsUOA
Агенція, яка здійснювала модифікацію UA-OsUOA
041 ## - Код мови
Код мови тексту/ звукової доріжки чи окремого заголовка (П) ukr
080 ## - Індекс Універсальної десяткової класифікації
Індекс Універсальної десяткової класифікації (УДК) (НП) 811.162.1'373.7
020 ## - Міжнародний стандартний книжковий номер (ISBN)
Міжнародний стандартний книжковий номер (ISBN) (НП) 978-966-00-1473-2
100 ## - Основне введення – ім’я особи
Ім’я особи (НП) Мирошніченко І. М.
245 ## - Відомості про назву
Назва (НП) Фразеосемантичне поле "Працьовитість/неробство" в польській мові
Решта назви (НП) монографія
260 ## - Публікація, розповсюдження і т.п. (Вихідні дані)
Місце публікації, розповсюдження і т.п. (П) К.
Ім’я/ наймення видавництва, розповсюджувача і т.п. (П) Наукова думка
Дата публікації, розповсюдження і т.п. (П) 2014
300 ## - Фізичний опис
Обсяг 248 с.
520 3# - Резюме і т.п.
Резюме, реферат, анотація, тощо (НП) Зміст1. Теорія фразеосемантичного поля у славістиці2. Системно-структурні відношення у фразеосемантичному полі "працьовитість/неробство"3.Типологічні різновиди одиниць фразеосемантичного поля "працьовитість/неробство" за їх компонентнихм складом
650 #7 - Додаткове предметне введення – тематичний термін
Тематичний термін чи географічна назва, як елемент введення (НП) 8 Мовознавство. Художня література. Літературознавство
Джерело заголовка чи терміна UDC
942 ## - Додаткові елементи входу (Коха)
Тип елемента Koha Книги
955 ## - Код типу видання за змістом
Код типу видання за змістом (НП) Наукові видання
Фонди
Стан вилучень Стан втрат Джерело класифікації або схеми стелажів Стан уражень Не для кредиту Постійне місце розташування Поточне розміщення Дата придбання Джерело придбання Вартість, звичайна ціна покупки Інвентарний номер Усього замовленно Повний номер виклику Штрих-код Дата останнього перегляду Ціна ефективна від Тип елемента Koha
    Universal Decimal Classification     ЧЗ - Читальна зала ЧЗ - Читальна зала 03/06/2015 24/2015 173.00 148277   811.162.1'373.7 М64 148277 19/11/2021 03/06/2015 Книги
    Universal Decimal Classification     ЧЗ - Читальна зала ЧЗ - Читальна зала 03/06/2015 24/2015 173.00 148278   811.162.1'373.7 М64 148278 19/11/2021 03/06/2015 Книги
    Universal Decimal Classification     ЧЗ - Читальна зала ЧЗ - Читальна зала 03/06/2015 24/2015 173.00 148279   811.162.1'373.7 М64 148279 19/11/2021 03/06/2015 Книги
    Universal Decimal Classification     ЧЗ - Читальна зала ЧЗ - Читальна зала 03/06/2015 24/2015 173.00 148280   811.162.1'373.7 М64 148280 19/11/2021 03/06/2015 Книги
    Universal Decimal Classification     ЧЗ - Читальна зала ЧЗ - Читальна зала 17/11/2016 43/2016 64.00 152567   811.162.1'373.7 М64 152567 19/11/2021 03/06/2015 Книги